000 02488nam a22005297a 4500
003 CHAP
005 20220329135727.0
008 971013s1966 r 00010 d
010 _a41156
011 _a42128
035 _a46255
040 _cCHAP
082 0 4 _a917.2036
_bE5
245 0 _aEnciclopedia de México
260 _aMéxico, D. F. :
_bInstituto de la Enciclopedia de México,
_c1966-
300 _a12 v.
_b: ilus. ; láms. ; mapas
500 _aLibro del año 1977
590 _aBATCH-UPD
_b10
_c20130110
_lUCH01
_h2124
590 _aBATCH-UPD
_b10
_c20130410
_lUCH01
_h1433
590 _aBATCH-UPD
_b10
_c20130914
_lUCH01
_h1828
590 _aCONVERSION
_b10
_c20130109
_lUCH01
_h1323
650 1 4 _aMéxico
_xEnciclopedias y diccionarios.
_976742
901 _aBK
942 _cLIBRO
949 _a917.2036 E5
_bBC
_cC
_d33724000651451
_eC
_f1977
_h45971
_i46255
_si
949 _a917.2036 E5
_bBC
_cC
_d33724000651477
_eC
_fv.3
_h29135
_i46255
_si
949 _a917.2036 E5
_bBC
_cC
_d33724000651493
_eC
_fv.7
_h42224
_i46255
_si
949 _a917.2036 E5
_bBC
_cC
_d33724000651501
_eC
_fv.5
_h29137
_i46255
_si
949 _a917.2036 E5
_bBC
_cC
_d33724000651519
_eC
_fv.10
_h29133
_i46255
_si
949 _a917.2036 E5
_bBC
_cC
_d33724000651535
_eC
_fv.8
_h29133
_i46255
_si
949 _a917.2036 E5
_bBC
_cC
_d33724000830675
_eC
_fv.12 c.2
_h44695
_i46255
_sb
949 _a917.2036 E5
_bBC
_cC
_d33724000864765
_eC
_fv.4
_h29136
_i46255
_si
949 _a917.2036 E5
_bBC
_cC
_d33724000864773
_eC
_fv.9
_h42652
_i46255
_si
949 _a917.2036 E5
_bBC
_cC
_d33724000960316
_eC
_fv.9 c.2
_h44696
_i46255
_si
949 _a917.2036 E5
_bBC
_cC
_d33724002164827
_eC
_fv.12
_h42645
_i46255
_si
949 _a917.2036 E5
_bBC
_cC
_d33724002201743
_eC
_fv.1
_h29133
_i46255
_si
949 _a917.2036 E5
_bBC
_cC
_d33724002326884
_eC
_fv.9 c.3
_h116602
_i46255
_sb
949 _a917.2036 E5
_bBC
_cC
_d33724002326926
_eC
_fv.8 c.2
_h116601
_i46255
_sb
949 _a917.2036 E5
_bBC
_cC
_d33724002326967
_eC
_fv.6
_h116600
_i46255
_sb
949 _a917.2036 E5
_bBC
_cC
_d33724002327009
_eC
_fv.5 c.2
_h116599
_i46255
_sb
949 _a917.2036 E5
_bBC
_cC
_d33724002327082
_eC
_fv.2
_h116597
_i46255
_sb
949 _a917.2036 E5
_bBC
_cMUT
_d-105448
_eMUT
_fv.2
_h29134
_i46255
_si
949 _a917.2036 E5
_bBC
_cMUT
_d-105452
_eMUT
_fv.6
_h29138
_i46255
_si
949 _a917.2036 E5
_bBC
_cMUT
_d-105457
_eMUT
_fv.11
_i46255
_si
949 _a917.2036 Es
_bBC
_cC
_d33724002327124
_eC
_fv.1 c.2
_h116596
_i46255
_sb
949 _a917.2039 E5
_bBC
_cC
_d33724002327040
_eC
_fv.4 c.2
_h116598
_i46255
_sb
999 _c41156
_d41156